000 00677nam a2200277Ia 4500
005 20260324142413.0
008 008 260324s9999 xx 000 0 eng d
020 _a9781003574200
037 _aEBOOK
040 _aCRL
040 _beng
040 _cCRL
041 _2eng
041 _aeng
084 _qCRL
100 _aRaymond E. March; John F.J Todd
_91211813
245 0 _aPractical Aspects of Ion Trap Mass Spectrometry, Volume I
260 _bTaylor and Francis
260 _c1995
365 _a
365 _b200
856 _uhttp://www.taylorfrancis.com/books/9781003574200
942 _cEBOOK
999 _c1815970
_d1815970